Arqueología medieval en La Jara : (Record no. 84526)

MARC details
000 -LEADER
campo de control de longitud fija 00801nam a2200217 i 4500
001 - NÚMERO DE CONTROL
campo de control 84526
003 - IDENTIFICADOR DE NÚMERO DE CONTROL
campo de control ES-MaACL
005 - FECHA Y HORA DE LA ÚLTIMA TRANSACCIÓN
campo de control 20250810090341.0
007 - CAMPO FIJO DE DESCRIPCIÓN FÍSICA--INFORMACIÓN GENERAL
campo de control de longitud fija t|
008 - DATOS DE LONGITUD FIJA--INFORMACIÓN GENERAL
campo de control de longitud fija 041123s1949 sp ||||1| spa d
100 1# - ENTRADA PRINCIPAL--NOMBRE DE PERSONA
Nombre de persona Jiménez de Gregorio, Fernando,
Fechas asociadas al nombre 1911-2012
9 (RLIN) 66505
245 10 - MENCIÓN DEL TÍTULO
Título Arqueología medieval en La Jara :
Resto del título las torres de Alcaudete /
Mención de responsabilidad, etc. por Fernando Giménez de Gregorio.
260 ## - PUBLICACIÓN, DISTRIBUCIÓN, ETC.
Lugar de publicación, distribución, etc. Madrid :
Nombre del editor, distribuidor, etc. Hauser y Menet,
Fecha de publicación, distribución, etc. [1949]
300 ## - DESCRIPCIÓN FÍSICA
Extensión 6 h., 1 lám. ;
Dimensiones 27 cm.
595 ## -
-- Separata de: Boletín de la Sociedad Española de Excursiones, n. 53, 1949.
650 #7 - PUNTO DE ACCESO ADICIONAL DE MATERIA--TÉRMINO DE MATERIA
Término de materia o nombre geográfico como elemento de entrada Arqueología medieval
Fuente del encabezamiento o término embne
9 (RLIN) 9983
651 ## - PUNTO DE ACCESO ADICIONAL DE MATERIA--NOMBRE GEOGRÁFICO
Nombre geográfico Toledo (Provincia)-
Subdivisión general Restos arqueológicos.
9 (RLIN) 168868
710 2# - ENTRADA AGREGADA--NOMBRE DE ENTIDAD CORPORATIVA
Nombre de entidad corporativa o nombre de jurisdicción como elemento de entrada Hauser y Menet (Madrid)
9 (RLIN) 4558
852 ## - LOCALIZACIÓN
Ubicación ES-MaACL
Número de control de estantería 1908-F-14
Holdings
Estatus retirado Estado de pérdida Estado de daño No para préstamo Colección Biblioteca de origen Biblioteca actual Ubicación en estantería Fecha de adquisición Fuente de adquisición Total de préstamos Signatura topográfica completa Código de barras Visto por última vez Precio de reemplazo Tipo de ítem Koha
        Colección de folletos Biblioteca del Ateneo de Madrid Biblioteca del Ateneo de Madrid Depósito folletos 17/01/2008     1908-F-14 1088331 23/02/2023 23/02/2023 Folleto